00631nam a2200217 a 450000500170000000800410001701000140005802000260007202000220009803500130012003700150013304000180014808200110016610000220017724500590019925000130025826000510027127000440032230000280036670000190039420090615115228.0060724s2005 ii b 101 0 eng  aENG-93995 a9780070078055c110.00 a07007805Xc110.00 aEN-77528 bDBAD / PUB adplbEnglish  a346.07 aBalachandran, V.  aBusiness law /cby V. Balachandran [and] S. Thothadri  a2nd ed.  aNew Delhi bTata McGraw-Hill Publishing c2009 a7 West Patel Nagar bNew Delhi e110008 axiv, 255p. c22cm(pbk)  aThothadri, S.